000 00550nam a2200193 a 4500
001 15282
003 CO-ViMGA
008 141112s2004 ck r 000 u spa d
020 _a9684267002
040 _aCO-ViMGA
_bspa
_cCO-ViMGA
082 0 4 _a616.025 B654d
100 1 _aBongard, Frederic S.; Sue, Darryl Y.
_922194
245 1 0 _aDiagnóstico y tratamiento en cuidados intensivos
260 _aMexico,
_cManual Moderno,
_c1997
300 _a978.p.
650 1 4 _aCUIDADOS INTENSIVOS
_952757
650 1 4 _aURGENCIAS MEDICAS
_922195
942 _2ddc
_cBK
999 _c25645
_d25645